|
|
|
|
| LEADER |
00000nab a2200000 a 4500 |
| 001 |
vtls000348061 |
| 003 |
SK-MaSNL |
| 005 |
20260304025553.0 |
| 008 |
220422c1988 xo 0 slo |
| 015 |
|
|
|a SNBRB19rr/mm-uuuuu
|
| 035 |
|
|
|a CL0348183
|
| 040 |
|
|
|a SNKBUCL
|b slo
|c SNKBUCL
|e AACR2
|
| 041 |
0 |
|
|a slo
|
| 044 |
|
|
|a xo
|c SK
|
| 080 |
|
|
|a 616.133-006-089
|2 1981
|
| 245 |
0 |
0 |
|a Tumory glomus caroticum ; R. Moravec, J. Strelka, B. Kuniak, F. Žernovický, P. Vašina
|
| 300 |
|
|
|b Obr. 3. Res. rus., angl., lit. 8 zázn. v slov., češ., angl., nem.
|
| 650 |
0 |
7 |
|a glomus caroticus
|2 snkbucl
|9 1307200
|
| 650 |
0 |
7 |
|a nádory
|2 snkbucl
|9 15229
|
| 655 |
|
7 |
|a články z novín a časopisov
|2 snkbucl
|9 267496
|
| 700 |
1 |
|
|a Moravec, Rudolf,
|d 1930-2008
|4 aut
|9 91300
|
| 700 |
1 |
|
|a Strelka, J.
|4 aut
|9 936629
|
| 700 |
1 |
|
|a Kuniak, Bernard,
|d 1929-2014
|4 aut
|9 202913
|
| 700 |
1 |
|
|a Žernovický, F.
|4 aut
|9 1120925
|
| 700 |
1 |
|
|a Vašina, P.
|4 aut
|9 775765
|
| 773 |
0 |
|
|t Rozhledy v chirurgii
|g Roč. 67, č. 12 (1988), s. 785-789
|
| 850 |
|
|
|a Slovenská národná knižnica v Martine
|a MTA001
|
| 852 |
|
|
|a SNK
|b KIS3GCP
|
| 958 |
|
|
|a NB
|
| 958 |
|
|
|a RK
|
| 958 |
|
|
|a ME
|
| 992 |
|
|
|a RBX
|
| 999 |
|
|
|c 2628621
|d 2630551
|